Phim duyên trần thoát tục nhân quả, tiền kiếp và hậu kiếp của con người /

Uloženo v:
Podrobná bibliografie
Hlavní autor: Bảo Thiên.
Médium: Článek
Jazyk:Vietnamese
Témata:
Tagy: Přidat tag
Žádné tagy, Buďte první, kdo otaguje tento záznam!
Thư viện lưu trữ: Thư viện Trường Đại học Đà Lạt
LEADER 00769nam a2200265 4500
001 DLU110122895
005 ##20110725
040 # # |a DLU  |b vie 
041 # # |a vie 
044 # # |a vn 
100 # # |a Bảo Thiên. 
245 # # |a Phim duyên trần thoát tục nhân quả, tiền kiếp và hậu kiếp của con người /  |c Bảo Thiên. 
653 # # |a Giáo lí 
653 # # |a Phật tích 
653 # # |a Triết lí  
773 # # |t Tuần báo Giác ngộ  |g Số xuân, 2008, tr. 48-49 
920 # # |a Phòng Tạp chí -- Trung tâm Thông tin - Thư viện Trường Đại học Đà Lạt 
994 # # |a DLU 
900 # # |a True 
911 # # |a Nguyễn Thị Linh Chi 
925 # # |a G 
926 # # |a A 
927 # # |a BB 
980 # # |a Thư viện Trường Đại học Đà Lạt